000 00281nam a2200121 a 4500
008 101021s1988|||| d
100 1 _aKotzwinkle, William
245 1 0 _aE.T. Mimozemšťan
260 _bSmena
_aBratislava
_c1988
020 _c23
041 _aslo
044 _axo
_cSK
999 _c11955
_d11955